000 00931nam a2200289Ia 4500
001 Para_5937
003 CHAP
008 220125s1958 xx 000 0 und d
010 _a204398
040 _cCHAP
090 _aPA TESIS 220
100 _aOliva Alemán, José
_983023
245 _aLas malas yerbas en el cultivo del algodón en la región de Matamoros, Tamps. /
_c por José Oliva Alemán
260 _aChapingo, Méx. :
_b el autor
300 _a57 h.
502 _aTesis (Ing. Agr. Esp. en Parasitología Agrícola) ENA. Departamento Parasitología Agrícola
650 _aAlgodón
_x malas hierbas
_xcontrol
_94030
650 _aHerbicidas
_953691
710 _aENA. Departamento Parasitología Agrícola
_9164684
901 _aPA TESIS 220
902 _aA
905 _a0000001958 a 0000000000 00
910 _a1958
942 _cPARA
942 _cPARA
_d1
999 _c204398
_d204398